Представление документа в формате MARC21

Поле Инд. ПП Название Значение
Тип записи a
Библиографический уровень a
001 Контрольный номер RU/IS/BASE/431085916
005 Дата корректировки 20180409143411.6
020 a ISBN 978-5-7609-0560-4
040 a Служба первич. каталог. НБ ТвГУ
b Код языка каталог. rus
e Правила каталог. PSBO
041 0_ a Код языка текста rus
098 b Факультет Физико-технический
c Кафедра теоретической физики
245 10 a Заглавие Измерение вольт-амперных характеристик туннельного контакта вольфрам-золото
260 a Место издания Тверь
b Издательство Тверской государственный университет
c Дата издания 2011
504 a Библиография Библиогр.: с. 216
520 0_ a Аннотация В данной работе проведено измерение вольт-амперных характеристик (ВАХ) туннельного контакта вольфрам-золото на сканирующем туннельном микроскопе (СТМ) "Умка-02-G". Кроме того, описаны факторы туннельной системы, которые могут влиять на вид ВАХ на примере модельной системы вольфрам-золото, в частности, физические процессы, протекающие в острие зонда при повышении напряжения и способные привести к изменению длины зонда.
653 0_ a Ключевые слова Физика поверхностных явлений
653 1_ a Ключевые слова Поверхностные явления
653 1_ a Ключевые слова Физика твердого тела
653 1_ a Ключевые слова Сканирующий туннельный микроскоп
653 1_ a Ключевые слова Вольт-амперная характеристика
653 1_ a Ключевые слова Вольфрам-золото, уннельный контакт
653 1_ a Ключевые слова Термическое расширение зонда
653 1_ a Ключевые слова Труды Тверского государственного университета
700 1_ a Другие авторы Сдобняков, Николай Юрьевич
q Полное имя Сдобняков, Н. Ю.
700 1_ a Другие авторы Антонов, Александр Сергеевич
q Полное имя Антонов, А. С.
700 1_ a Другие авторы Зыков, Тимур Юрьевич
q Полное имя Зыков, Т. Ю.
700 1_ a Другие авторы Соколов, Денис Николаевич
q Полное имя Соколов, Д. Н.
700 1_ a Другие авторы Воронова, Елена Александровна
q Полное имя Воронова, Е. А.
700 1_ a Другие авторы Михайлова, Ольга Владимировна
q Полное имя Михайлова, О. В.
773 08 w Контрольный № источника RU/IS/BASE/392298609
t Название источника Физико-химические аспекты изучения кластеров, наноструктур и наноматериалов
d Место и дата издания Тверь : Тверской государственный университет, 2011
g Прочая информация Вып. 3. - С. 206-216
856 40 u URL http://texts.lib.tversu.ru/texts/11493t.pdf
x Примечание для ЭОР Справка УИС 2016
i Дата подключения ЭОР 20170412
x Примечание для ЭОР Реестр суммарного учета сетевых локальных документов
900 a Имя макрообъекта 11493t
901 t Тип документа a
920 a Оператор Корж